Obálka Náhled e-knihy:
PDF Epub
Pro půjčování e-knih musíte být přihlášeni.
Jak si půjčit online?

Jezdecká akademie. Calypsino hříbě /

Uloženo v:
Série:Jezdecká akademie (Gina Mayer), část 6
Hlavní autor: Mayer, Gina, 1965- (Autor)
Další autoři: Zündorf, Iva, 1962- (Autor)
Médium: E-kniha
Jazyk:Czech
Vydáno: Praha : Dobrovský s.r.o., 2025
Edice:King Cool
Témata:
Příbuzné jednotky:Přeloženo z: Pferdeflüsterer-Academy
Z cyklu:: Jezdecká akademie (Gina Mayer)
Tagy:
Žádné tagy
LEADER 02222nam a2200541 i 4500
001 312898
003 CZ PrSKC
005 20260601215730.0
007 ta
008 260119s2026 xr c 000 f cze
015 |a cnb003736757 
020 |a 9788027744084  |q (vázáno) :  |c Kč 369,00 
035 |a (OCoLC)1584377317 
040 |a ABG001  |b cze  |d OLA001  |e rda 
041 1 |a cze  |h ger 
072 7 |a 821.112.2-3  |x Německá próza, německy psaná  |2 Konspekt 
072 7 |a 821-93  |x Literatura pro děti a mládež (beletrie)  |2 Konspekt 
080 |a 821.112.2-31  |2 MRF 
080 |a 821-93  |2 MRF 
080 |a (0:82-31)-055.25  |2 MRF 
100 1 |a Mayer, Gina,  |d 1965-  |7 xx0204280  |4 aut 
240 1 0 |a Calypsos Fohlen.  |l Česky 
245 1 0 |a Jezdecká akademie.  |p Calypsino hříbě /  |c Gina Mayer ; přeložila Iva Zündorf 
246 3 0 |a Calypsino hříbě 
264 1 |a Praha :  |b Dobrovský s.r.o.,  |c 2025 
300 |a 201 stran ;  |c 21 cm 
336 |a text  |b txt  |2 rdacontent 
337 |a bez média  |b n  |2 rdamedia 
338 |a svazek  |b nc  |2 rdacarrier 
490 1 |a King Cool 
500 |a Přeloženo z němčiny 
500 |a V tiráži chybné vročení 2025, správně v copyrightu 2026 
655 7 |a německé romány  |7 fd132945  |2 czenas 
655 7 |a dívčí romány  |7 fd132186  |2 czenas 
655 7 |a publikace pro mládež  |7 fd133157  |2 czenas 
655 9 |a German fiction  |2 eczenas 
655 9 |a girls' novels  |2 eczenas 
655 9 |a juvenile literature  |2 eczenas 
700 1 |a Zündorf, Iva,  |d 1962-  |7 jn20001227745  |4 trl 
710 2 |a Dobrovský (firma)  |7 olak2017946581  |4 pbl 
765 0 |t Pferdeflüsterer-Academy 
787 0 8 |i Z cyklu:  |t Jezdecká akademie (Gina Mayer)  |g 6 
830 0 |a King Cool 
900 |a ABA001  |b 21 
044 |a xr 
910 |a RBIT002 
998 |d 424721  |a https://core.palmknihy.cz/api/books/424721/cover?t97k0p  |b https://core.palmknihy.cz/api/books/424721/cover/400?t97k0p  |c https://core.palmknihy.cz/api/books/424721/cover/50?t97k0p  |e 2030-05-01  |g 208  |i 9788027744084  |j https://core.palmknihy.cz/api/books/424721/preview.epub  |k https://core.palmknihy.cz/api/books/424721/preview.pdf  |l   |q 49  |r 1  |s https://www.palmknihy.cz/kniha/424721  |t ebook  |y 2026  |z 0  |v Jezdecká akademie  |w 6 
999 |d 312896